Teaching And Learning In Schools Of Nursing (Record no. 155437)
[ view plain ]
| 000 -LEADER | |
|---|---|
| fixed length control field | 00368nam a2200133Ia 4500 |
| 008 - FIXED-LENGTH DATA ELEMENTS--GENERAL INFORMATION | |
| fixed length control field | 230411s9999 xx 000 0 und d |
| 041 ## - LANGUAGE CODE | |
| Language code of text/sound track or separate title | eng |
| 082 ## - DEWEY DECIMAL CLASSIFICATION NUMBER | |
| Classification number | AD/610.7/HEI/B04841 |
| 100 ## - MAIN ENTRY--PERSONAL NAME | |
| Personal name | Heidgerken Loretta |
| 245 ## - TITLE STATEMENT | |
| Title | Teaching And Learning In Schools Of Nursing |
| 260 ## - PUBLICATION, DISTRIBUTION, ETC. (IMPRINT) | |
| Name of publisher, distributor, etc. | J B Lippincott Company |
| Place of publication, distribution, etc. | Philadelphia |
| Date of publication, distribution, etc. | 1965 |
| 300 ## - PHYSICAL DESCRIPTION | |
| Extent | 685p |
| Withdrawn status | Lost status | Damaged status | Not for loan | Collection code | Home library | Current library | Date acquired | Vendor | Cost, normal purchase price | Total Checkouts | Full call number | Barcode | Date last seen | Cost, replacement price | Bill Date | Koha item type | Original Barcode |
|---|---|---|---|---|---|---|---|---|---|---|---|---|---|---|---|---|---|
| Smt. Bakul Tambat Institute of Nursing Education | Smt. Bakul Tambat Institute of Nursing Education | 26/12/2007 | M.K.S.S.S I.N.E.Ratnagiri. | 140.00 | AD 610.7 HEI B04841 | BTIN-BK-4841 | 11/04/2023 | 140.00 | 15/10/2004 | Books | B04841 |